[Event "GER-chT U16"]
[Site "Bingen"]
[Date "2008.12.28"]
[Round "3.2"]
[White "Decher, Paul"]
[Black "Bor, Tobias"]
[Result "0-1"]
[WhiteElo "1693"]
[BlackElo "1790"]
[PlyCount "62"]
[EventDate "2008.12.27"]
[EventType "team-swiss"]
[EventRounds "7"]
[EventCountry "GER"]
[SourceTitle "EXT 2010"]
[Source "ChessBase"]
[SourceDate "2010.11.25"]
[SourceVersion "1"]
[SourceVersionDate "2010.11.25"]
[SourceQuality "1"]
[WhiteTeam "Graefelfing SK U16"]
[BlackTeam "Nordhorn Blanke U16"]
[WhiteTeamCountry "GER"]
[BlackTeamCountry "GER"]

1. e4 e5 2. Nf3 Nc6 3. Bc4 Bc5 4. c3 Nf6 5. d4 exd4 6. cxd4 Bb4+ 7. Nc3 Nxe4 8. 0-0 Bxc3 9. bxc3 d5 10. Re1 0-0 11. Bd3 f5 12. Qb3 b6 13. a4 Na5 14. Qc2 c5 15. Ba3 Re8 16. Ne5 Qc7 17. f3 Nd6 18. Qd2 Nb3 19. Qa2 Nxa1 20. Qxa1 Be6 21. Qb1 Rad8 22. Rc1 Rb8 23. Qb2 Bd7 24. Bc2 cxd4 25. cxd4 Nc4 26. Bb3 b5 27. Qa2 Rec8 28. Bc5 a6 29. Re1 Re8 30. Re2 Nxe5 31. dxe5 Qxc5+ 0-1